| 000 | 01869nam a2200277Ia 4500 | ||
|---|---|---|---|
| 008 | 260220t1978||||xx |||||||||||||| ||spa|| | ||
| 020 | _a8429141618 | ||
| 040 |
_aPY-SlUNAC _bspa _erda |
||
| 041 | _aspa | ||
| 082 |
_a541.369 _bSea17t |
||
| 100 |
_aSear, Francis W. _eAutor |
||
| 245 | 0 |
_aTermodinámica teoría cinética y termodinámica estadística / _cpor Francis W. Sear [Autor] y Gerhard Salinger [Autor] |
|
| 250 | _aSegunda edición | ||
| 264 |
_aBarcelona : _bReverté, _c℗1978. |
||
| 300 | _a1 volumen | ||
| 520 | _aEl libro "Termodinámica: Teoría Cinética y Termodinámica Estadística" de Francis W. Sear presenta un enfoque integral sobre los principios fundamentales de la termodinámica, combinando conceptos de la teoría cinética y la termodinámica estadística. A lo largo de sus capítulos, Sear explora los fundamentos de la energía, el calor y el trabajo, así como las leyes que rigen los sistemas termodinámicos. Se analiza el comportamiento de las partículas en movimiento, proporcionando una base sólida para entender la relación entre la temperatura, la presión y el volumen. Además, el autor introduce herramientas matemáticas útiles para el estudio de sistemas complejos, enfatizando la importancia de la estadística en la descripción de fenómenos macroscópicos. Este texto es una referencia valiosa para estudiantes y profesionales en el campo de la física y la ingeniería, ofreciendo una perspectiva clara y detallada que facilita la comprensión de las interacciones moleculares y la naturaleza del equilibrio térmico. | ||
| 653 | _aCiencia | ||
| 653 | _aFísica | ||
| 653 | _aTermodinámica | ||
| 700 |
_aSalinger, Gerhard _eAutor |
||
| 942 |
_b2026/02/17 _cBK |
||
| 999 |
_c7881 _d7881 |
||